| 000 | 00462nam a2200181Ia 4500 | ||
|---|---|---|---|
| 003 | GCL | ||
| 008 | 140319s9999 xx 000 0 eng d | ||
| 040 |
_aGCL / _cGCL |
||
| 082 | 0 | 4 |
_a895.6 _bS B |
| 100 | 1 | _aSETOUCHI, HARUMI | |
| 245 | 1 | 0 |
_aBEAUTY IN DISARRAY / _cSETOUCHI, HARUMI |
| 260 |
_a[S.N] : _bCHARLES E. TUTTLE COMPANY ، _c1993 |
||
| 300 | _a351 P | ||
| 650 | 0 | 4 | _aLITERATURE |
| 650 | 0 | 4 | _aSTORIES |
| 650 | 0 | 4 | _aJAPAN - LITERATURE |
| 942 |
_2ddc _cBK |
||
| 999 |
_c11971 _d11971 |
||